MARC

LEADER 00000nam0a2200000 4500
001 117000
005 20231031123508.0
035 |a (RuTPU)RU\TPU\book\126612 
035 |a RU\TPU\book\123023 
090 |a 117000 
100 |a 20070530d1981 k y0rusy50 ca 
101 0 |a rus 
102 |a RU 
105 |a a b 000zy 
200 1 |a Газоочистное оборудование  |e каталог  |f Центральный институт научно-технической информации и технико-экономических исследований по химическому и нефтяному машиностроению (ЦИНТИХИМНЕФТЕМАШ); сост. М. Г. Мазус, С. С. Янковский, Ю. А. Попов и [др.] 
210 |a Москва  |c ЦИНТИХИМНЕФТЕМАШ  |d 1981 
215 |a 73 с.  |c ил. 
333 |a Исключено из фонда НТБ ТПУ 
702 1 |a Мазус  |b М. Г.  |4 220 
702 1 |a Янковский  |b С. С.  |4 220 
702 1 |a Попов  |b Ю. А.  |4 220 
712 0 2 |a Центральный институт научно-технической информации и технико-экономических исследований по химическому и нефтяному машиностроению (ЦИНТИХИМНЕФТЕМАШ) 
801 1 |a RU  |b 63413507  |c 20070416  |g PSBO 
801 2 |a RU  |b 63413507  |c 20220617  |g PSBO 
942 |c BK